| 000 | 00643cab a2200241 4500 | ||
|---|---|---|---|
| 001 | ABS49285 | ||
| 008 | 090401t1993 xxu||||| |||| 00| 0 eng d | ||
| 035 | _a(Sirsi) u70734 | ||
| 041 | _aeng | ||
| 110 |
_aAnthony Williams and Partners _93 |
||
| 245 | _aHeritage Motor Centre, Gaydon | ||
| 260 | _c1993 | ||
| 350 | _a0 | ||
| 490 |
_aBuilding _v258(7810) 10 September 1993, 41-48(7) |
||
| 650 | _aBUILT ENVIRONMENT-BUILDING COSTS | ||
| 650 | _aBUILDING PROJECTS | ||
| 650 | _aCAR MUSEUMS | ||
| 650 | _aMUSEUMS | ||
| 650 | _aTRANSPORT MUSEUMS | ||
| 690 | _aBUILDING AND CONSTRUCTION-PROJECTS | ||
| 942 | _n0 | ||
| 948 | _c04/03/1997 | ||
| 999 |
_c44529 _d44529 |
||